000 00638nam a2200181 i 4500
001 101960
003 ES-MaACL
005 20250827063218.0
007 t|
008 051028s1944 ag |||| | spa d
100 1 _aMéndez Calzada, Luis,
_d1888-1945
_980144
245 1 3 _aLa función judicial en las primeras épocas de la independencia
_b: estudio sobre la formación evolutiva del poder judicial argentino /
_cLuis Méndez Calzada.
260 _aBuenos Aires :
_bLosada,
_c1944.
300 _a496 p. ;
_c24 cm.
650 4 _aPoder judicial-
_zArgentina.
_9168576
852 _aES-MaACL
_jF-5149
999 _c101960
_d101960